000 00607nam a2200241Ia 4500
003 OSt
005 20221005114238.0
006 a|||||r|||| 00| 0
007 ta
008 221004b |||||||| |||| 00| 0 kan d
024 _a60238
037 _cTextual
040 _aCRL
_cCRL
_bkan
041 _2kan
_akan
082 _aO33,2N042,7, L1
100 _aSriranga Au.
_9625664
245 0 _aAparadhaugala kshamisuo
260 _c1971
650 _a KANNAD LITERATURE
650 _aKANNAD DRAMA
942 _hO33,2N042,7, L1
_cTEXL
_2cc
999 _c1030742
_d1030742